Disney Silhouettes 2 - Statistics

General Stats
  • This quiz has been taken 66 times
  • The average score is 27 of 40
Answer Stats
Picture Answer % Correct
Dumbo
100%
Woody
100%
Mufasa
95%
Goofy
91%
Nemo
89%
Pinocchio
89%
WALL-E
89%
Snow White
88%
Cinderella
86%
Mike Wazowski
86%
Jafar
84%
Mulan
84%
Piglet
84%
Elsa
82%
Pocahontas
82%
Stitch
82%
Tarzan
81%
Belle
79%
Magic Carpet
77%
Baloo
74%
Gaston
74%
Grumpy
74%
Wendy Darling
74%
Flynn Rider
67%
Sebastian
67%
Hercules
65%
Zazu
63%
Tiana
58%
Mirabel
54%
Queen Of Hearts
54%
Vanellope Von Schweetz
54%
Maximus
47%
Pua
40%
Yzma
40%
Hamm
37%
Davy Jones
35%
Russell
35%
Squirt
35%
Bert
18%
Captain Phoebus
11%
No matching quizzes found
Score Distribution
Percent of People with Each Score
Percentile by Number Answered
Your Score History
You have not taken this quiz